ՀՀ Գիտությունների ազգային ակադեմիայի հիմնարար գիտական գրադարան  =   Fundamental Scientific Library of NAS RA

Ուսուբ բեկ : (Record no. 313263)

MARC details
000 -LEADER
fixed length control field 01052nam a2200229 a 4500
001 - CONTROL NUMBER
control field 000903570
003 - CONTROL NUMBER IDENTIFIER
control field AM-YeHGA
005 - DATE AND TIME OF LATEST TRANSACTION
control field 20250618074115.0
008 - FIXED-LENGTH DATA ELEMENTS--GENERAL INFORMATION
fixed length control field 120702s2012 ai bc r 000 0 arm d
020 ## - INTERNATIONAL STANDARD BOOK NUMBER
Canceled/invalid ISBN 978-5-540-02254-6
040 ## - CATALOGING SOURCE
Original cataloging agency AM-YeHGA
041 0# - LANGUAGE CODE
Language code of text/sound track or separate title arm
090 ## - LOCALLY ASSIGNED LC-TYPE CALL NUMBER (OCLC); LOCAL CALL NUMBER (RLIN)
-- 314981
100 1# - MAIN ENTRY--PERSONAL NAME
Personal name Մուրադյան, Մանուկ Նորիկի,
Dates associated with a name 1955-2013
9 (RLIN) 4101
245 10 - TITLE STATEMENT
Title Ուսուբ բեկ :
Remainder of title Ուրվագծեր եզդի ժողովրդի, ազգապետերի մի տոհմի, հայ-եզդիական կապերի պատմություն /
Statement of responsibility, etc. Մ. Մուրադյան; Մասնագիտ. խմբ.՝ Կ. Խաչատրյան; Խմբ.՝ Վ. Սարգսյան.
260 ## - PUBLICATION, DISTRIBUTION, ETC.
Place of publication, distribution, etc. Երևան :
Name of publisher, distributor, etc. Հայաստան,
Date of publication, distribution, etc. 2012.
300 ## - PHYSICAL DESCRIPTION
Extent 400 էջ :
Other physical details լուսանկ. ;
Dimensions 21 սմ.
650 14 - SUBJECT ADDED ENTRY--TOPICAL TERM
Topical term or geographic name entry element Հայ ժողովրդի պատմություն
650 14 - SUBJECT ADDED ENTRY--TOPICAL TERM
Topical term or geographic name entry element Եզդի ժողովրդի պատմություն
700 1# - ADDED ENTRY--PERSONAL NAME
Personal name Խաչատրյան, Կարեն
Relator term խմբ.
Relationship edt
9 (RLIN) 6785
700 1# - ADDED ENTRY--PERSONAL NAME
Personal name Սարգսյան, Վահագն Մկրտչի,
Dates associated with a name 1962-
Relator term խմբ.
Relationship edt
9 (RLIN) 4013
Holdings
Withdrawn status Lost status Source of classification or shelving scheme Damaged status Not for loan Collection Home library Current library Date acquired Cost, normal purchase price Total checkouts Full call number Barcode Date last seen Price effective from Koha item type Public note Shelving control number
    Universal Decimal Classification     General Fundamental Scientific Library Fundamental Scientific Library 09/01/2017 4000.00   AII/97830 FL0223584 09/01/2017 09/01/2017 Գրքեր / Books 30 Days Loan  
          General Fundamental Scientific Library Fundamental Scientific Library 09/01/2017 4000.00   AII/97829 FL0223585 09/01/2017 09/01/2017 Գրքեր / Books 30 Days Loan  
    Universal Decimal Classification     General Fundamental Scientific Library Fundamental Scientific Library 02/08/2024     AII/111919 FL0683201 02/08/2024 02/08/2024 Գրքեր / Books 30 Days Loan  


ՀՀ ԳԱԱ հիմնարար գիտական գրադարան
ՀՀ,Երևան 0019
Մարշալ Բաղրամյան 24/6
հեռախոս:(374-10) 52-47-50
Հետադարձ կապ

All site content, except where otherwise noted, is licensed under a
Creative Commons License